[Event "Lumpy Custard Blitz Mayhem #2"]
[Site "SchemingMind.com"]
[Date "2020.07.11"]
[Round "-"]
[White "CLewis73"]
[Black "Clive Everill"]
[Result "0-1"]
[WhiteCountry "ENG"]
[BlackCountry "CZE"]
[WhiteElo "1888"]
[WhiteRD "75"]
[BlackElo "1707"]
[BlackRD "56"]
[GameID "457466"]

1. d3 d5 2. Nf3 c5 3. g3 Nc6 4. Bg2 Nf6 5. O-O g6 6. a3 Bg7 7. c3 O-O 8. Qc2 e5 9. e4 d4 10. Bg5 Qd6
11. Bxf6 Bxf6 12. b4 cxb4 13. cxb4 Be6 14. Nbd2 Rfc8 15. Qa4 Bd7 16. Qd1 Bg4 17. h3 Be6 18. Nb3 b6 19. Nfd2 Qd7 20. Kh2 Bg5
21. f4 exf4 22. gxf4 Bh6 23. b5 Nd8 24. f5 Bxb3 25. Nxb3 Rc3 26. fxg6 hxg6 27. a4 Ne6 28. e5 Rac8 29. Bc6 Qc7 30. Re1 Bf4+
31. Kh1 Bxe5 32. Nc1 Nf4 33. Qf3 Qd6 34. Re4 R8xc6 35. bxc6 Qxc6 36. Ne2 Rxd3
0-1

[Event "Lumpy Custard Blitz Mayhem #2"]
[Site "SchemingMind.com"]
[Date "2020.07.11"]
[Round "-"]
[White "Clive Everill"]
[Black "CLewis73"]
[Result "1-0"]
[WhiteCountry "CZE"]
[BlackCountry "ENG"]
[WhiteElo "1752"]
[WhiteRD "55"]
[BlackElo "1881"]
[BlackRD "76"]
[GameID "457467"]

1. e4 e6 2. d4 d5 3. Nc3 Nf6 4. Bg5 Bb4 5. e5 h6 6. Bd2 Bxc3 7. bxc3 Ne4 8. Qg4 g5 9. Bd3 Nxd2 10. Kxd2 c5
11. Ne2 c4 12. Bxc4 dxc4 13. f4 b5 14. Ng3 Qd5 15. Qe2 gxf4 16. Ne4 Nd7 17. Rab1 Ke7 18. Rhf1 Rg8 19. Rxf4 Bb7 20. Rbf1 Rg7
21. g3 b4 22. Qh5 Nxe5 23. Qxh6 Rag8 24. Qf6+ Ke8 25. Qxe5 Qxe5 26. dxe5 bxc3+ 27. Nxc3 Ba6 28. Rb1 Ke7 29. Na4 Rd8+ 30. Kc3 Rd5
31. Re1 Rg8 32. Nb2 Rc8 33. Ref1 Rf8 34. Re4 Rc8 35. Nd1 Rcc5 36. Rfe1 Ke8 37. Nf2 Ra5 38. Kb2 c3+ 39. Kxc3 Rxa2 40. Ng4 Rc5+
41. Kb3 Raxc2 42. Nf6+ Ke7 43. Rd4 Bc8 44. Ng8+ Ke8 45. Red1 Kf8 46. Rd8+ Kg7 47. R1d4 R5c3+ 48. Kb4 a5+ 49. Kxa5 Rc4 50. Rxc4 Rxc4
51. Nf6 Rc5+ 52. Kb6 Rxe5 53. Ne8+ Kg6 54. Rxc8
1-0

[Event "Lumpy Custard Blitz Mayhem #2"]
[Site "SchemingMind.com"]
[Date "2020.07.06"]
[Round "-"]
[White "CLewis73"]
[Black "Mirta Crevani"]
[Result "1/2-1/2"]
[WhiteCountry "ENG"]
[BlackCountry "ARG"]
[WhiteElo "1888"]
[WhiteRD "75"]
[BlackElo "2038"]
[BlackRD "90"]
[GameID "457468"]

1. d3 d5 2. Nf3 g6 3. g3 Bg7 4. Bg2 Nf6 5. O-O c5 6. Nbd2 O-O 7. e4 Nc6 8. Re1 e5 9. exd5 Nxd5 10. Nc4 Re8
11. Ne3 Nc7 12. Nd2 Bd7 13. Rb1 f5 14. b3 Rb8 15. Bb2 b5 16. Nd5 Nxd5 17. Bxd5+ Kh8 18. a3=
1/2-1/2

[Event "Lumpy Custard Blitz Mayhem #2"]
[Site "SchemingMind.com"]
[Date "2020.07.06"]
[Round "-"]
[White "Mirta Crevani"]
[Black "CLewis73"]
[Result "1/2-1/2"]
[WhiteCountry "ARG"]
[BlackCountry "ENG"]
[WhiteElo "2038"]
[WhiteRD "90"]
[BlackElo "1888"]
[BlackRD "75"]
[GameID "457469"]

1. c4 c5 2. Nc3 Nc6 3. g3 g6 4. Bg2 Bg7 5. e3 e5 6. Nge2 Nge7 7. O-O d6 8. a3 Be6 9. Nd5 Rb8 10. Nec3 a6
11. Rb1 b5 12. cxb5 axb5 13. b4 Bxd5 14. Nxd5 Nxd5 15. Bxd5 Ne7 16. Bg2 O-O 17. Bb2 c4 18. f4 Qb6 19. Kh1 f5 20. d3 cxd3
21. Qxd3 e4 22. Qd2 Rfc8 23. Bxg7 Kxg7 24. Rfc1 Rc6 25. Rxc6 Qxc6 26. Rc1 Qb6 27. Qb2+ Kf7 28. Qb3+=
1/2-1/2

[Event "Lumpy Custard Blitz Mayhem #2"]
[Site "SchemingMind.com"]
[Date "2020.07.06"]
[Round "-"]
[White "CLewis73"]
[Black "John Hamer"]
[Result "1-0"]
[WhiteCountry "ENG"]
[BlackCountry "ENG"]
[WhiteElo "1881"]
[WhiteRD "76"]
[BlackElo "1972"]
[BlackRD "59"]
[GameID "457470"]

1. d3 d5 2. Nf3 Nf6 3. g3 g6 4. Bg2 Bg7 5. O-O O-O 6. Bg5 Re8 7. Bxf6 Bxf6 8. c3 Nc6 9. Qc2 Bf5 10. e4 dxe4
11. dxe4 Be6 12. Rd1 Bd7 13. Na3 Qc8 14. Rd2 e5 15. Nc4 Be6 16. Ne3 a6 17. Nd5 Be7 18. Nxe7+ Rxe7 19. Ng5 Bd7 20. Rad1 h6
21. Nf3 Be6 22. b4 Kg7 23. a4 f6 24. Ne1 Rd7 25. Nd3 b6 26. b5 Nd8 27. Nb4 axb5 28. axb5 Nb7 29. Rxd7+ Bxd7 30. c4 Nd6
31. f4 Be6 32. fxe5 fxe5 33. Nd5 Qd8 34. Rf1 Nb7 35. Qf2 Nd6 36. Nxc7 Qxc7 37. Qf6+ Kh7 38. Qxe6 Re8 39. Qd5 Qe7 40. Bh3 Rd8
41. Qc6 Rb8 42. Rd1 Rd8 43. Qxb6 Nb7 44. Rxd8 Nxd8 45. c5 Qg5 46. c6 Qc1+ 47. Bf1 Nf7 48. Qa7 Kg7 49. c7 Qc3 50. Kf2 Qc2+
51. Be2 Qc3 52. b6 Qc5+= 53. Kg2 Qc2 54. Qa6 Nd6 55. Qd3 Qc6 56. Qxd6 Qxd6 57. c8=Q Qxb6 58. Qd7+ Kf8 59. Bc4 Qf6 60. Qc8+ Ke7
61. Bd5 Qd6 62. Qb7+
1-0

[Event "Lumpy Custard Blitz Mayhem #2"]
[Site "SchemingMind.com"]
[Date "2020.07.06"]
[Round "-"]
[White "John Hamer"]
[Black "CLewis73"]
[Result "1/2-1/2"]
[WhiteCountry "ENG"]
[BlackCountry "ENG"]
[WhiteElo "1964"]
[WhiteRD "58"]
[BlackElo "1888"]
[BlackRD "75"]
[GameID "457471"]

1. e4 d5 2. d4 dxe4 3. Nc3 e5 4. Be3 exd4 5. Bxd4 Nc6 6. Bb5 Bd7 7. Nge2 Nxd4 8. Qxd4 Bxb5 9. Qxe4+ Be7 10. Nxb5 c6
11. Rd1 Qa5+ 12. Nbc3 Nf6 13. Qe3 Nd5 14. Qf3 O-O 15. O-O Nf6 16. Rfe1 Qc7 17. Nf4 Rad8 18. h4 Bb4 19. Rd3 Rxd3 20. Nxd3 Bxc3
21. bxc3 Re8 22. Rxe8+= Nxe8 23. Qe3 Nf6=
1/2-1/2

[Event "Lumpy Custard Blitz Mayhem #2"]
[Site "SchemingMind.com"]
[Date "2020.07.06"]
[Round "-"]
[White "CLewis73"]
[Black "David Carter"]
[Result "0-1"]
[WhiteCountry "ENG"]
[BlackCountry "USA"]
[WhiteElo "1888"]
[WhiteRD "75"]
[BlackElo "2163"]
[BlackRD "89"]
[GameID "457472"]

1. d3 e5 2. Nf3 Nc6 3. g3 d5 4. Bg2 Nf6 5. O-O Be7 6. c4 O-O 7. Nc3 d4 8. Na4 Re8 9. a3 a5 10. Bg5 Bf8
11. Nd2 h6 12. Bxf6 Qxf6 13. f4 exf4 14. Rxf4 Qe7 15. Re4 Be6 16. Bh3 Qd7 17. Bxe6 fxe6 18. Qf1 e5 19. Qf3 Re6 20. Rf1 Rf6
21. Qg2 Rxf1+ 22. Nxf1 Re8 23. h3 Nd8 24. b3 Bxa3 25. Nh2 b5
0-1

[Event "Lumpy Custard Blitz Mayhem #2"]
[Site "SchemingMind.com"]
[Date "2020.07.06"]
[Round "-"]
[White "David Carter"]
[Black "CLewis73"]
[Result "1-0"]
[WhiteCountry "USA"]
[BlackCountry "ENG"]
[WhiteElo "2163"]
[WhiteRD "89"]
[BlackElo "1888"]
[BlackRD "75"]
[GameID "457473"]

1. d4 d5 2. c4 dxc4 3. Nf3 c6 4. e3 Be6 5. Nbd2 Nf6 6. Nxc4 Bd5 7. Bd3 e6 8. O-O Nbd7 9. Qc2 Bxf3 10. gxf3 c5
11. f4 cxd4 12. exd4 b5 13. Ne5 Rc8 14. Qb3 Nxe5 15. dxe5 Nd7 16. Bxb5 Bc5 17. Rd1 Rc7 18. Qd3 f6 19. f5
1-0

[Event "Lumpy Custard Blitz Mayhem #2"]
[Site "SchemingMind.com"]
[Date "2020.07.06"]
[Round "-"]
[White "CLewis73"]
[Black "kenneth m day"]
[Result "1-0"]
[WhiteCountry "ENG"]
[BlackCountry "USA"]
[WhiteElo "1888"]
[WhiteRD "75"]
[BlackElo "1729"]
[BlackRD "50"]
[GameID "457474"]

1. d3 e5 2. Nf3 Nc6 3. g3 Bc5 4. Bg2 Nf6 5. O-O d5 6. Nxe5 Nxe5 7. d4 Nc6 8. dxc5 Be6 9. Bg5 Qe7 10. Nc3 O-O-O
11. e3 Rhe8 12. Qf3 Qxc5 13. Bxf6 gxf6 14. Qxf6 Rg8 15. Qf3 Qe7 16. Rad1 Ne5 17. Qe2 c6 18. e4 Bg4 19. f3 Be6 20. exd5 cxd5
21. Qxe5 f6 22. Qe2 Qc5+ 23. Qf2 Qb4 24. Qxa7 Qxb2 25. Rb1 Qxb1 26. Rxb1 Kd7 27. Rxb7+ Ke8 28. Rxh7 Rd7 29. Rxd7 Bxd7 30. Nxd5 Rf8
31. Qe3+
1-0

[Event "Lumpy Custard Blitz Mayhem #2"]
[Site "SchemingMind.com"]
[Date "2020.07.06"]
[Round "-"]
[White "kenneth m day"]
[Black "CLewis73"]
[Result "1/2-1/2"]
[WhiteCountry "USA"]
[BlackCountry "ENG"]
[WhiteElo "1729"]
[WhiteRD "50"]
[BlackElo "1888"]
[BlackRD "75"]
[GameID "457475"]

1. e4 d5 2. exd5 Qxd5 3. Nc3 Qd6 4. d4 Nf6 5. Nf3 c6 6. Ne5 Nbd7 7. Bf4 Nd5 8. Qd2 Nxf4 9. Qxf4 f6 10. Nd3 Qxf4
11. Nxf4 Nb6 12. O-O-O g6 13. Be2 Bh6 14. g3 Bxf4+ 15. gxf4 Bf5 16. h4 O-O-O 17. Rhe1 Rd7 18. Bd3 Bg4 19. Be2 Bf5 20. Bd3=
1/2-1/2

[Event "Lumpy Custard Blitz Mayhem #2"]
[Site "SchemingMind.com"]
[Date "2020.07.11"]
[Round "-"]
[White "CLewis73"]
[Black "Raymond de Kemp"]
[Result "0-1"]
[WhiteCountry "ENG"]
[BlackCountry "NED"]
[WhiteElo "1881"]
[WhiteRD "76"]
[BlackElo "1822"]
[BlackRD "63"]
[GameID "457476"]

1. d3 f5 2. e4 d6 3. exf5 Bxf5 4. g4 Bd7 5. Bg2 Nc6 6. Bg5 Nf6 7. h3 h6 8. Bh4 g5 9. Bg3 e5 10. Nc3 Nd4
11. Qd2 c6 12. O-O-O Qa5 13. Nge2 Nxe2+ 14. Qxe2 O-O-O 15. Kb1 Be6 16. d4 Re8 17. dxe5 Nd7 18. exd6 Bxa2+ 19. Kc1 Rxe2 20. Nxe2 Bg7
21. Rd3 Bc4 22. Ra3 Qb6 23. Nc3 Re8 24. h4 Bf6 25. hxg5 Bxg5+ 26. Kb1 Nf6 27. f4 Bxf4 28. Bxf4 Qf2 29. Bh3 Qxf4 30. Rxa7 Kb8
31. Ra4 b5
0-1

[Event "Lumpy Custard Blitz Mayhem #2"]
[Site "SchemingMind.com"]
[Date "2020.07.07"]
[Round "-"]
[White "Raymond de Kemp"]
[Black "CLewis73"]
[Result "0-1"]
[WhiteCountry "NED"]
[BlackCountry "ENG"]
[WhiteElo "1822"]
[WhiteRD "63"]
[BlackElo "1881"]
[BlackRD "76"]
[GameID "457477"]

1. d4 d5 2. Bf4 c5 3. e3 Nc6 4. c3 Qb6 5. Qb3 c4 6. Qc2 e5 7. dxe5 Bf5 8. Qc1 g5 9. Bg3 Bg7 10. Nf3 h6
11. Nd4 Bh7 12. e6 Nxd4 13. exf7+ Kxf7 14. exd4 Re8+ 15. Kd1 Qe6 16. Qd2 Nf6 17. f3 Re7 18. Be2 Rhe8 19. Re1 Qd7 20. Be5 Qa4+
21. Kc1 Nd7 22. Bd1 Qa6 23. f4 Bg6 24. fxg5 hxg5 25. Rf1+ Kg8 26. Qxg5 Nxe5 27. dxe5 Rxe5 28. Qg3 Bd3 29. Rf4 Qh6 30. Nd2 Rg5
31. Rg4 Ree5 32. Rxg5 Rxg5 33. Qb8+ Kh7 34. Bf3 Re5 35. Kd1 Qxh2
0-1

[Event "Lumpy Custard Blitz Mayhem #2"]
[Site "SchemingMind.com"]
[Date "2020.07.06"]
[Round "-"]
[White "CLewis73"]
[Black "Arnold Jones"]
[Result "1-0"]
[WhiteCountry "ENG"]
[BlackCountry "ENG"]
[WhiteElo "1888"]
[WhiteRD "75"]
[BlackElo "1677"]
[BlackRD "66"]
[GameID "457478"]

1. d3 d5 2. Nf3 c5 3. g3 Nc6 4. Bg2 b5 5. O-O e6 6. e4 d4 7. a4 Qa5 8. c3 b4 9. cxd4 cxd4 10. Nbd2 Be7
11. Nc4 Qc7 12. Bf4 Qd8 13. e5 a6 14. Nfd2 Bb7 15. Qg4 g5 16. Bxg5 Bxg5 17. f4 Bh6 18. Nd6+ Kf8 19. Nxb7 Qe8 20. Rfc1 f5
21. exf6 Nxf6 22. Qh4 Qh5 23. Qxf6+ Kg8 24. Rxc6 Qe2 25. Qxe6+ Qxe6 26. Rxe6 Bg7 27. Nd6 Kf8 28. Bxa8 h5 29. Re8#
1-0

[Event "Lumpy Custard Blitz Mayhem #2"]
[Site "SchemingMind.com"]
[Date "2020.07.06"]
[Round "-"]
[White "Arnold Jones"]
[Black "CLewis73"]
[Result "1-0"]
[WhiteCountry "ENG"]
[BlackCountry "ENG"]
[WhiteElo "1677"]
[WhiteRD "66"]
[BlackElo "1888"]
[BlackRD "75"]
[GameID "457479"]

1. d4 d5 2. Nf3 c6 3. Nc3 Nf6 4. Bg5 Ne4 5. Nb1 Nxg5 6. Nxg5 e5 7. Nxf7 Kxf7 8. dxe5 Qb6 9. e4 Qxb2 10. Qf3+ Kg8
11. Nc3 Qxa1+ 12. Kd2 dxe4 13. Bc4+
1-0

[Event "Lumpy Custard Blitz Mayhem #2"]
[Site "SchemingMind.com"]
[Date "2020.07.06"]
[Round "-"]
[White "CLewis73"]
[Black "John Waterfield"]
[Result "0-1"]
[WhiteCountry "ENG"]
[BlackCountry "WLS"]
[WhiteElo "1888"]
[WhiteRD "75"]
[BlackElo "1948"]
[BlackRD "69"]
[GameID "457480"]

1. d3 g6 2. Nf3 Bg7 3. g3 d6 4. Bg2 e5 5. O-O f5 6. c3 Nf6 7. e4 Qe7 8. Nbd2 c6 9. Qc2 O-O 10. exf5 gxf5
11. Re1 Nbd7 12. b3 d5 13. a4 Re8 14. Ba3 Qd8 15. Rab1 b6 16. Bd6 e4 17. dxe4 fxe4 18. Nd4 Bb7 19. Nf5 Ne5 20. Nxg7 Kxg7
21. Bxe5 Rxe5 22. c4 Qe7 23. b4 Re8 24. a5 d4 25. f4 exf3 26. Nxf3 Re3 27. Rxe3 Qxe3+ 28. Qf2 Qd3 29. Qxd4 Qxb1+
0-1

[Event "Lumpy Custard Blitz Mayhem #2"]
[Site "SchemingMind.com"]
[Date "2020.07.06"]
[Round "-"]
[White "John Waterfield"]
[Black "CLewis73"]
[Result "0-1"]
[WhiteCountry "WLS"]
[BlackCountry "ENG"]
[WhiteElo "1948"]
[WhiteRD "69"]
[BlackElo "1888"]
[BlackRD "75"]
[GameID "457481"]

1. e4 d5 2. exd5 Qxd5 3. Nc3 Qd6 4. d4 Nf6 5. Nf3 c6 6. Ne5 Nbd7 7. Nc4 Qc7 8. Qf3 Nb6 9. Bf4 Qd8 10. Be5 Be6
11. Ne3 g6 12. d5 Nbxd5 13. O-O-O Bh6 14. Bxf6 exf6 15. Kb1 Nxc3+ 16. bxc3 Qa5 17. Nc4 Qb5+ 18. Ka1 O-O 19. Ne3 Qa5
0-1

[Event "Lumpy Custard Blitz Mayhem #2"]
[Site "SchemingMind.com"]
[Date "2020.07.11"]
[Round "-"]
[White "Clive Everill"]
[Black "Mirta Crevani"]
[Result "1/2-1/2"]
[WhiteCountry "CZE"]
[BlackCountry "ARG"]
[WhiteElo "1752"]
[WhiteRD "55"]
[BlackElo "1988"]
[BlackRD "85"]
[GameID "457482"]

1. e4 e6 2. d4 d5 3. Nd2 Nf6 4. e5 Nfd7 5. Bd3 c5 6. c3 Nc6 7. Ngf3 Be7 8. O-O g5 9. dxc5 g4 10. Nd4 Ndxe5
11. Bb5 Bd7 12. b4 h5 13. Re1 Ng6 14. N2b3 e5 15. Nxc6 Bxc6 16. Bxc6+ bxc6 17. Na5 Qc7 18. f3 f5 19. Qd3 O-O 20. Bh6 Rf7
21. Bd2 e4 22. fxe4 fxe4 23. Qa6 Ne5 24. Rab1 Rb8 25. Qe2 Nd3 26. Rf1 Rxf1+ 27. Rxf1 Rf8 28. Rxf8+ Bxf8 29. Qe3 Nxc5 30. bxc5 Qxa5
31. Qg5+ Bg7 32. Qxh5 Qxc5+ 33. Kf1 Qe7 34. Qxg4 Kh7=
1/2-1/2

[Event "Lumpy Custard Blitz Mayhem #2"]
[Site "SchemingMind.com"]
[Date "2020.07.11"]
[Round "-"]
[White "Mirta Crevani"]
[Black "Clive Everill"]
[Result "1-0"]
[WhiteCountry "ARG"]
[BlackCountry "CZE"]
[WhiteElo "1988"]
[WhiteRD "85"]
[BlackElo "1752"]
[BlackRD "55"]
[GameID "457483"]

1. c4 Nf6 2. Nc3 e6 3. e4 c5 4. Nf3 Nc6 5. Be2 e5 6. O-O d6 7. d3 g6 8. a3 Bg7 9. b4 O-O 10. bxc5 dxc5
11. Nd5 Re8 12. Rb1 b6 13. Bg5 Qd6 14. Qd2 Nh5 15. g3 f6 16. Be3 Nd4 17. Bxd4 cxd4 18. Nh4 Bh3 19. Rfc1 Kf7 20. Bxh5 gxh5
21. Qe2 Bg4 22. f3 Be6 23. Nf5 Qd7 24. g4 hxg4 25. fxg4 Bh8 26. Rf1 Bxd5 27. cxd5 Rac8 28. g5 Rc3 29. Qh5+ Kg8 30. gxf6 Rxd3
31. Ne7+ Rxe7 32. Qg5+ Rg7 33. fxg7 Bxg7 34. Qf5 Qxf5 35. Rxf5 Rxa3 36. d6 Bf8 37. d7 Be7 38. Rxe5 Bh4 39. Re8+ Kg7 40. d8=Q Bxd8
41. Rxd8 d3 42. Rd1 Ra4 43. e5 Re4 44. Rd5 a5 45. R1xd3 a4 46. Rb5 h5 47. Rxb6 Rxe5 48. Rd7+
1-0

[Event "Lumpy Custard Blitz Mayhem #2"]
[Site "SchemingMind.com"]
[Date "2020.07.11"]
[Round "-"]
[White "Clive Everill"]
[Black "John Hamer"]
[Result "1-0"]
[WhiteCountry "CZE"]
[BlackCountry "ENG"]
[WhiteElo "1752"]
[WhiteRD "55"]
[BlackElo "1972"]
[BlackRD "59"]
[GameID "457484"]

1. e4 e5 2. Nc3 Nf6 3. f4 d5 4. fxe5 Nxe4 5. Nf3 Be7 6. Qe2 Nxc3 7. dxc3 O-O 8. Bf4 c6 9. O-O-O Qa5 10. Kb1 Nd7
11. h3 Re8 12. Qd2 Nb6 13. Nd4 Bd7 14. Bd3 c5 15. Nb3 Qa4 16. Be3 Rec8 17. Na1 c4 18. Be2 Rc6 19. b3 cxb3 20. cxb3 Qe4+
21. Kb2 Rac8 22. Bd4 Be6 23. Bd3 Qh4 24. Bf2 Qh5 25. Bd4 Bg5 26. Qf2 Bh4 27. g3 Be7 28. Be2 Qg6 29. Bd3 Qg5 30. h4 Qh6
31. Be3 Qh5 32. Bd4 Bg4 33. Rdf1 f6 34. exf6 gxf6 35. Nc2 Kh8= 36. Nb4 Re6 37. Re1 Nd7 38. Rxe6 Bxe6 39. Re1 Qf7 40. Qe2 Ne5
41. Bxe5 fxe5 42. Qxe5+ Bf6 43. Qxe6 Bxc3+ 44. Ka3 Rc5 45. Qe8+ Kg7 46. Qxf7+ Kxf7 47. Rf1+ Ke7 48. Ka4 h6 49. Rf5 Ke6 50. Rh5 Bg7
51. Nc2 Rc3 52. Bf5+ Kd6 53. g4 Rc5 54. Ne3 Rc3 55. Nc2 Rc5 56. Bg6 Rc6 57. Nb4 Rc5 58. Bf7
1-0

[Event "Lumpy Custard Blitz Mayhem #2"]
[Site "SchemingMind.com"]
[Date "2020.07.11"]
[Round "-"]
[White "John Hamer"]
[Black "Clive Everill"]
[Result "1-0"]
[WhiteCountry "ENG"]
[BlackCountry "CZE"]
[WhiteElo "1972"]
[WhiteRD "59"]
[BlackElo "1752"]
[BlackRD "55"]
[GameID "457485"]

1. b3 d5 2. Bb2 Nc6 3. Nf3 Bg4 4. d4 e6 5. e3 Nf6 6. Be2 Ne4 7. O-O Be7 8. a3 O-O 9. Nc3 Nd6 10. Rc1 a6
11. Re1 f6 12. h3 Bh5 13. Nd2 Bf7 14. Na4 Ne8 15. c4 Bd6 16. cxd5 Na7 17. dxe6 Bxe6 18. Bf3 c6 19. Ne4 Bc7 20. Nac5 Bc8
21. Qd3 Kh8 22. b4 Nb5 23. Red1 Bf5 24. Nxb7 Qc8 25. Nbc5 Ned6 26. d5 cxd5 27. Qxd5 Rd8 28. Nxf6 Ne4 29. Nfd7 Bxd7 30. Qxe4 Ra7
31. Qe7 Bh2+ 32. Kxh2 Rg8 33. Nxd7
1-0

[Event "Lumpy Custard Blitz Mayhem #2"]
[Site "SchemingMind.com"]
[Date "2020.07.11"]
[Round "-"]
[White "Clive Everill"]
[Black "David Carter"]
[Result "0-1"]
[WhiteCountry "CZE"]
[BlackCountry "USA"]
[WhiteElo "1752"]
[WhiteRD "55"]
[BlackElo "1998"]
[BlackRD "78"]
[GameID "457486"]

1. e4 e5 2. Nc3 Nf6 3. Bc4 Nxe4 4. Qh5 Nd6 5. Bb3 Nc6 6. Nb5 g6 7. Qf3 f5 8. Qd5 Qe7 9. Nxc7+ Kd8 10. Nxa8 b6
11. d3 Bb7 12. h4 f4 13. Qf3 Bh6 14. Nxb6 axb6 15. Bd2 Nd4 16. Qg4 e4 17. O-O-O e3 18. fxe3 Nxb3+ 19. axb3 fxe3 20. Bxe3 Qxe3+
21. Kb1 Kc7 22. Nf3 Ra8 23. Rhe1 Qc5 24. Ne5 Nf5 25. c3 Qd5 26. Qc4+ Qxc4 27. Nxc4 Bxg2 28. Kc2 b5 29. Rg1 bxc4 30. Rde1 cxd3+
31. Kxd3 Bd5 32. c4 Be6 33. Re4 Nd6 34. Ree1 Rb8 35. Kc3 Bg7+ 36. Kc2 Bf5+ 37. Kd2 Rxb3 38. Ra1 Nxc4+ 39. Ke2 Rxb2+
0-1

[Event "Lumpy Custard Blitz Mayhem #2"]
[Site "SchemingMind.com"]
[Date "2020.07.11"]
[Round "-"]
[White "David Carter"]
[Black "Clive Everill"]
[Result "1-0"]
[WhiteCountry "USA"]
[BlackCountry "CZE"]
[WhiteElo "2163"]
[WhiteRD "89"]
[BlackElo "1707"]
[BlackRD "56"]
[GameID "457487"]

1. d4 d5 2. c4 e6 3. Nc3 c6 4. e4 dxe4 5. Nxe4 Bb4+ 6. Bd2 Qxd4 7. Bxb4 Qxe4+ 8. Ne2 Na6 9. Bf8 Ne7 10. Bxg7 Rg8
11. Bc3 Qxc4 12. Ng3 Qh4 13. Qd6 Bd7 14. Bxa6 bxa6 15. O-O Nd5 16. Rfe1 O-O-O 17. Rad1 Nxc3 18. bxc3 Rg5 19. Qa3 a5 20. Rd4 Rg4
21. Rxg4 Qxg4 22. Qxa5 Rg8 23. Qxa7 h5 24. Rb1 Kd8 25. Rb8+ Ke7 26. Qc5+ Kf6 27. Nxh5+ Kg6 28. Rxg8+
1-0

[Event "Lumpy Custard Blitz Mayhem #2"]
[Site "SchemingMind.com"]
[Date "2020.07.11"]
[Round "-"]
[White "Clive Everill"]
[Black "kenneth m day"]
[Result "1-0"]
[WhiteCountry "CZE"]
[BlackCountry "USA"]
[WhiteElo "1752"]
[WhiteRD "55"]
[BlackElo "1708"]
[BlackRD "49"]
[GameID "457488"]

1. e4 e5 2. f4 exf4 3. Nf3 d6 4. d4 g5 5. h3 Nf6 6. Nxg5 Rg8 7. Bxf4 Nh5 8. Qxh5 Qe7 9. Bd3 Nc6 10. c3 h6
11. Nh7 Bd7 12. Nxf8 Qxf8 13. g4 O-O-O 14. Nd2 Re8 15. O-O-O Rg6 16. e5 dxe5 17. Bxg6 fxg6 18. Qxg6 exf4 19. Nf3 Re3 20. Rhf1 Ne7
21. Qh5 Bc6 22. g5 Qf5 23. Ne5 Kd8 24. Nxc6+ Nxc6 25. Qxh6 Re6 26. Qh8+ Kd7 27. h4 Ne7 28. Qg7 Kd6 29. c4 f3 30. h5 Qf4+
31. Kb1 Re2 32. c5+ Kc6 33. Qf6+
1-0

[Event "Lumpy Custard Blitz Mayhem #2"]
[Site "SchemingMind.com"]
[Date "2020.07.11"]
[Round "-"]
[White "kenneth m day"]
[Black "Clive Everill"]
[Result "0-1"]
[WhiteCountry "USA"]
[BlackCountry "CZE"]
[WhiteElo "1708"]
[WhiteRD "49"]
[BlackElo "1752"]
[BlackRD "55"]
[GameID "457489"]

1. e4 c6 2. c4 d5 3. cxd5 cxd5 4. exd5 Nf6 5. d4 Nxd5 6. Bc4 Nc6 7. Qf3 Nxd4 8. Qe4 Nf6 9. Qd3 Bf5 10. Qc3 Nc2+
11. Ke2 Nxa1 12. Nf3 Bxb1 13. Rd1 Nd7 14. Be3 Bg6 15. Rxa1 a6 16. Rd1 Rc8 17. Qb3 e6 18. Bd4 Qc7 19. Bd3 Bxd3+ 20. Qxd3 Qc2+
21. Rd2 Qxd3+ 22. Kxd3 Bb4 23. Re2 O-O 24. Re4 Rfd8 25. Ke3 Nb8 26. Rg4 Bf8 27. h4 Nc6 28. Bc3 g6 29. h5 Bc5+ 30. Ke2 Rd5
31. hxg6 hxg6 32. Ng5 Rcd8 33. Rh4 Bd4 34. Bxd4 Nxd4+
0-1

[Event "Lumpy Custard Blitz Mayhem #2"]
[Site "SchemingMind.com"]
[Date "2020.07.11"]
[Round "-"]
[White "Clive Everill"]
[Black "Raymond de Kemp"]
[Result "1-0"]
[WhiteCountry "CZE"]
[BlackCountry "NED"]
[WhiteElo "1752"]
[WhiteRD "55"]
[BlackElo "1822"]
[BlackRD "63"]
[GameID "457490"]

1. e4 c5 2. Nc3 d6 3. f4 Nc6 4. Nf3 g6 5. Bc4 Bg4 6. Bxf7+ Kxf7 7. Ng5+ Ke8 8. Qxg4 Nd4 9. Qd1 Qd7 10. O-O h6
11. Nf3 Nxf3+ 12. Qxf3 Bg7 13. Nd5 e6 14. Ne3 Ne7 15. c3 Rf8 16. Qg3 Qc6 17. d3 Kd7 18. Qg4 h5 19. Qg3 Rg8 20. a4 Raf8
21. Nc4 b6 22. Be3 Rh8 23. h4 Kc7 24. e5 Nf5 25. Qxg6 Rhg8 26. Qxe6 Bxe5 27. Rf2 Nxh4 28. fxe5 Rxg2+ 29. Kf1 Rgxf2+ 30. Bxf2 Qg2+
31. Ke1 Qxf2+ 32. Kd1 Qf1+ 33. Kc2 Rf2+ 34. Kb3 Qxa1 35. exd6+ Kb7 36. Qd7+
1-0

[Event "Lumpy Custard Blitz Mayhem #2"]
[Site "SchemingMind.com"]
[Date "2020.07.11"]
[Round "-"]
[White "Raymond de Kemp"]
[Black "Clive Everill"]
[Result "1-0"]
[WhiteCountry "NED"]
[BlackCountry "CZE"]
[WhiteElo "1822"]
[WhiteRD "63"]
[BlackElo "1752"]
[BlackRD "55"]
[GameID "457491"]

1. d4 Nf6 2. Nf3 c5 3. e3 g6 4. d5 Bg7 5. Nc3 O-O 6. Bd3 b6 7. e4 Ba6 8. Bxa6 Nxa6 9. Qe2 Nc7 10. O-O d6
11. a4 Nce8 12. b3 Nxd5 13. exd5 Bxc3 14. Bh6 Bg7 15. Bxg7 Nxg7 16. h4 Re8 17. Nh2 e6 18. Qc4 exd5 19. Qxd5 Re5 20. Qd3 d5
21. Nf3 Re4 22. g3 Nh5 23. Ng5 Rd4 24. Qf3 Qd7 25. Rfe1 Rd8 26. c3 Rg4 27. Nxf7 Rxg3+ 28. fxg3 Qxf7 29. Qxf7+ Kxf7 30. Rf1+ Kg7
31. g4 Ng3 32. Rf3 Ne4 33. Re3 Nd2 34. Re7+ Kf8 35. Rxh7 Nxb3 36. Rh8+ Ke7 37. Re1+ Kd7 38. Rh7+ Kc8 39. Rxa7 d4 40. cxd4 Nxd4
41. Re3 Kb8 42. Rg7 Nc2 43. Rb3 Rd1+ 44. Kf2 Rd6 45. a5 Nb4 46. axb6 Rxb6 47. Rf3 Rc6 48. Rf8+ Rc8 49. Rxc8+ Kxc8 50. Rxg6 Nd3+
51. Kg3 Kd7 52. h5 c4 53. h6 c3 54. h7 c2 55. h8=Q c1=Q 56. Qh7+
1-0

[Event "Lumpy Custard Blitz Mayhem #2"]
[Site "SchemingMind.com"]
[Date "2020.07.11"]
[Round "-"]
[White "Clive Everill"]
[Black "Arnold Jones"]
[Result "0-1"]
[WhiteCountry "CZE"]
[BlackCountry "ENG"]
[WhiteElo "1752"]
[WhiteRD "55"]
[BlackElo "1637"]
[BlackRD "61"]
[GameID "457492"]

1. e4 c5 2. Nc3 Nc6 3. g3 e6 4. Bg2 d6 5. d3 a6 6. f4 f6 7. Nf3 e5 8. O-O b5 9. a3 Qb6 10. Kh1 Nge7
11. f5 Nd4 12. Nh4 Bb7 13. Ne2 Nxe2 14. Qxe2 O-O-O 15. c4 bxc4 16. dxc4 Qb3 17. Rf3 Qa4 18. b3 Qd7 19. Be3 Bxe4 20. Rf2 Bxg2+
21. Kxg2 Nc6 22. Rd1 Qb7 23. Qf3 Re8 24. Qe4 a5 25. Kg1 Kd7 26. Bxc5 Nd8 27. Qxb7+ Nxb7 28. Be3 Be7 29. Nf3 Ra8 30. c5 Kc6
31. cxd6 Nxd6 32. Rc2+ Kb7 33. g4 Rhc8 34. Rdc1 Rxc2 35. Rxc2 Ne4 36. a4 Bb4 37. Kg2 Rd8 38. Rc4 Nc3 39. h4 Nd5 40. Bf2 Nf4+
41. Kg3 Rd3 42. g5 Ne2+ 43. Kg4 Rxb3 44. Rc2 Nf4 45. gxf6 gxf6 46. Nd2 h5#
0-1